Gemeinden von Feldkirch - Statistiken

Allgemein
  • Dieses Quiz wurde 269 mal gespielt
  • Das Durchschnittsergebnis liegt bei 15 aus 24
Antwortstatistiken
Einwohner Gemeinde % Korrekt
34.210 Feldkirch
98%
11.928 Rankweil
91%
11.765 Götzis
89%
6.769 Altach
77%
6.503 Frastanz
77%
3.256 Zwischenwasser
65%
407 Düns
63%
3.324 Göfis
63%
2.727 Satteins
63%
3.100 Klaus
62%
143 Dünserberg
60%
4.718 Koblach
60%
2.591 Sulz
58%
2.110 Röthis
57%
621 Übersaxen
57%
4.102 Mäder
55%
2.312 Meiningen
55%
338 Röns
55%
2.481 Schlins
55%
666 Laterns
54%
714 Fraxern
52%
2.133 Weiler
52%
800 Schnifis
51%
415 Viktorsberg
49%
Keine übereinstimmenden Quizze gefunden
Verteilung der Resultate
Anzahl Personen mit jedem Resultat
Perzentil nach korrekt beantworteten Fragen
Ihre Resultats-Entwicklung
Sie haben dieses Quiz noch nicht gespielt